Responses for Show #753 - Wednesday, December 9, 1987

Sandra Gore game 2.

Contestants

[<< previous game]

Russ Donnelly, a Korean linguist from Las Vegas, Nevada

Maggie Cambron, a graduate student originally from Oak Harbor, Washington

Sandra Gore, a researcher originally from Boston, Massachusetts (whose 1-day cash winnings total $14,000)

[next game >>]

Jeopardy! Round responses

U.S. HISTORY
BOWLING
THE EQUATOR
CARTOONS
MURDER & MAYHEM
4-LETTER WORDS
    $100 13
Jones

Russ
    $100 1
spare

Sandra
    $100 26
once

Russ
    $100 2
The Flintstones

Sandra
    $100 7
The Untouchables

Maggie
    $100 8
(Russ: What is [*], [*]?)
(Alex: You don't have to spell it.)

monk

Russ
    $200 14
Vice President

Sandra
    $200 3
Egypt

Russ
    $200 27
zero

Russ
    $500 11
[The song was played again heading into the first break.]

The Archies

Sandra
    $200 12
Butch Cassidy

Russ
    $200 9
true

Russ
    $300 17
Central America & South America (Latin America)

Russ
    $300 4
12

Russ
    $300 28
Antarctica & Australia

Sandra
    $300 23
Spike

Maggie
    $300 15
The Inquisition

Sandra
    $300 10
salt

Sandra
    $400 18
(John) Scopes

Russ
    $400 5
maple

Russ
    $400 29
(Russ: What is a solstice?)

equinox

SandraRuss
    $400 24
Teen Wolf

Sandra
    $400 16
Mayflower

Russ
    $400 21
Troy

Russ
    $500 19
(Sandra: Who is Horace Greeley?)

Joseph Pulitzer

Sandra
Triple Stumper
    $500 6
automatic pin spotters

Sandra
    $500 30
(Alex: Close enough.)

25,000 (24,901.55 miles)

Sandra
    $500 25
Woody Woodpecker

Russ
    $500 20
Leopold & Loeb

Russ
    $500 22
grub

Russ

Scores at the first commercial break (after clue 11):

Sandra Maggie Russ
$1,500 $100 $1,200

Scores at the end of the Jeopardy! Round:

Sandra Maggie Russ
$3,100 $400 $4,400

Double Jeopardy! Round responses

ART
ACTRESSES
ZOOLOGY
KANSANS
FRENCH AUTHORS
KINGS NAMED ED
    $200 12
grass

Maggie
    $200 11
Stockholm

Sandra
    $200 1
hair

Russ
    $200 21
boxing

Russ
    $200 6
Jules Verne

Sandra
    $200 23
Tower of London

Russ
    $2,000 15
(Sandra: What is 24? 24 people, so 12 place settings.)

13

Sandra
    $400 13
Brigitte Bardot

Sandra
    $400 2
black widow

Maggie
    $400 22
John Brown

Sandra
    $400 7
(Jean-Paul) Sartre

Maggie
    $400 24
Prince of Wales

Sandra
    $600 18
painting of the Sistine Chapel

Russ
    $1,500 14
Katharine Hepburn & Barbra Streisand

Sandra
    $600 3
primates

Russ
    $600 26
Carry Nation

Russ
    $600 8
Voltaire

Sandra
    $600 25
Edward the Confessor

Sandra
    $800 19
armory

Sandra
    $800 16
Suzanne Pleshette

Russ
    $800 4
(Sandra: What are crabs and fish?)

crab (Cancer) & Scorpio

Sandra
Triple Stumper
    $800 27
Damon Runyon

Sandra
    $800 9
(Gustave) Flaubert

Sandra
    $800 29
(Sandra: Who was Edward VI?)

Edward VII

SandraMaggie
    $1000 20
Rembrandt

Russ
    $1000 17
Liza Minnelli

Sandra
    $1000 5
(Russ: What's the grizzly bear?)

timberwolves

Russ
Triple Stumper
    $1000 28
(Nancy) Kassebaum

Sandra
    $1000 10
François Rabelais

Triple Stumper
    $1000 30
(Alex: Sandra, now is the time for [*].)

Edward VI

Triple Stumper

Scores at the end of the Double Jeopardy! Round:

Sandra Maggie Russ
$8,200 $2,200 $7,600

[wagering suggestions for these scores]

Final Jeopardy! Round responses

THE 7 WONDERS
MaggieWhat is the Parthenon?
$500
RussWhat is the Colossus of Rhodes?
$7,600
SandraWhat was the Colossus of Rhodes?
$7,602
Colossus of Rhodes

Final scores:

Sandra Maggie Russ
$15,802 $1,700 $15,200
2-day champion: $29,802 3rd place: Stiffel pair of lamps 2nd place: Broyhill 6-piece oak bedroom set & Ambassador Ambatrak vertical blinds

Game dynamics:

Coryat scores:

Sandra Maggie Russ
$9,000 $2,200 $7,600
24 R
(including 2 DDs),
4 W
(including 1 DD)
6 R,
0 W
24 R,
2 W

Combined Coryat: $18,800

[game clues] [game scores] [suggest correction]

Game tape date: 1987-09-01
The J! Archive is created by fans, for fans. Scraping, republication, monetization, and malicious use prohibited; this site may use cookies and collect identifying information. See terms. The Jeopardy! game show and all elements thereof, including but not limited to copyright and trademark thereto, are the property of Jeopardy Productions, Inc. and are protected under law. This website is not affiliated with, sponsored by, or operated by Jeopardy Productions, Inc. Join the discussion at JBoard.tv.